Akreditácia v rezorte vysokého školstva

Systém sociálnej podpory študentov verejných vysokých škôl. Pojem akreditácia.

Gespeichert in:
Bibliographische Detailangaben
1. Verfasser: Hrašková, Dagmar
Format: Buchkapitel
Sprache:Slowakisch
Schlagworte:
Tags: Tag hinzufügen
Keine Tags, Fügen Sie das erste Tag hinzu!

MARC

LEADER 00000naa a2200000 4500
001 0199032
005 20231120130448.1
041 0 |a slo 
044 |a SK 
245 1 0 |a Akreditácia v rezorte vysokého školstva  |c Dagmar Hrašková 
520 |a Systém sociálnej podpory študentov verejných vysokých škôl. Pojem akreditácia. 
610 2 0 |a školstvo 
610 2 0 |a školy vysoké 
610 2 0 |a školy štátne 
610 2 0 |a vzdelanie vysokoškolské 
610 2 0 |a akreditácia 
100 1 |a Hrašková, Dagmar